| 000 | 00626nam a2200217 i 4500 | ||
|---|---|---|---|
| 001 | bg | ||
| 100 | 1 |
_aAdamczak, Stanisław _c(1948- ). |
|
| 245 | 0 | 0 |
_aĆwiczenia rachunkowe z metrologii długości i kąta / _cStanisław Adamczak, Jerzy Komorniczak, Stanisław Korcipa. |
| 260 |
_aKielce, _c1982. |
||
| 650 | 4 |
_aPomiary _xbłędy |
|
| 650 | 4 | _aTolerancje i pasowania | |
| 650 | 4 | _aPodręczniki akademickie | |
| 700 | 1 | _aKomorniczak, Jerzy. | |
| 700 | 1 | _aKorcipa, Stanisław. | |
| 040 | _cBPK | ||
| 041 | _apol | ||
| 080 | _a531.7 | ||
| 080 | _a(075.8) | ||
| 942 | _cKS | ||
| 008 | s pl f |000 0 pol | ||
| 999 |
_c21072 _d21072 |
||
| 856 |
_uhttp://koha.tu.koszalin.pl/cgi-bin/koha/opac-detail.pl?biblionumber=21072 _yKatalog online BPK |
||